[Event "Madrid San Viator op-A 27th"]
[Site "Madrid"]
[Date "2016.09.25"]
[Round "1"]
[White "Quispe Arteaga, Gabriel"]
[Black "Perez Vazquez, Manuel"]
[Result "1-0"]
[WhiteElo "2270"]
[BlackElo "1861"]
[PlyCount "51"]
[EventDate "2016.09.25"]
[EventType "swiss"]
[EventRounds "9"]
[EventCountry "ESP"]
[SourceTitle "EXT 2017"]
[Source "ChessBase"]
[SourceDate "2016.10.25"]
[SourceVersion "1"]
[SourceVersionDate "2016.10.25"]
[SourceQuality "1"]

1. d4 f5 2. c4 Nf6 3. Nc3 g6 4. g3 Bg7 5. Bg2 0-0 6. Nf3 d6 7. 0-0 Qe8 8. Qb3 Na6 9. Bg5 Ne4 10. Rad1 Nxc3 11. bxc3 c5 12. Rfe1 Rb8 13. e4 h6 14. Bc1 fxe4 15. Rxe4 Bf5 16. Re3 Qf7 17. Rde1 Bf6 18. Nh4 e6 19. Nxf5 gxf5 20. Rxe6 cxd4 21. Bd5 Kh8 22. cxd4 Qg7 23. Qf3 Nc7 24. Rxd6 Nxd5 25. Rxd5 f4 26. Bxf4 1-0

[Event "Collado Villalba op-A 32nd"]
[Site "Collado Villalba"]
[Date "2015.08.22"]
[Round "1"]
[White "Perez Vazquez, Manuel"]
[Black "Cao Armillas, Jesus"]
[Result "1/2-1/2"]
[WhiteElo "1837"]
[BlackElo "2090"]
[PlyCount "56"]
[EventDate "2015.08.22"]
[EventType "swiss"]
[EventRounds "9"]
[EventCountry "ESP"]
[SourceTitle "EXT 2016"]
[Source "ChessBase"]
[SourceDate "2015.10.08"]
[SourceVersion "1"]
[SourceVersionDate "2015.10.08"]
[SourceQuality "1"]

1. d4 Nf6 2. c4 g6 3. Nc3 d5 4. cxd5 Nxd5 5. e4 Nxc3 6. bxc3 Bg7 7. Nf3 0-0 8. Rb1 b6 9. Be2 Bb7 10. Qc2 Nd7 11. 0-0 c5 12. d5 Qc7 13. c4 Rad8 14. Bb2 Ne5 15. Nxe5 Bxe5 16. Bxe5 Qxe5 17. f4 Qg7 18. Qb2 e6 19. Qxg7+ Kxg7 20. Bf3 exd5 21. exd5 Rfe8 22. Kf2 Ba6 23. Rfc1 Re7 24. a4 Rd6 25. Rb3 Bc8 26. Re3 Rxe3 27. Kxe3 Bd7 28. Bd1 Kf6 1/2-1/2

[Event "Villalba op 3rd"]
[Site "Villalba"]
[Date "2015.08.13"]
[Round "5"]
[White "Perez Vazquez, Manuel"]
[Black "Perdomo Araujo, Angel Eduardo"]
[Result "0-1"]
[WhiteElo "1837"]
[BlackElo "1998"]
[PlyCount "71"]
[EventDate "2015.08.09"]
[EventType "swiss"]
[EventRounds "9"]
[EventCountry "ESP"]
[SourceTitle "EXT 2024"]
[Source "ChessBase"]
[SourceDate "2023.10.10"]
[SourceVersion "1"]
[SourceVersionDate "2023.10.10"]
[SourceQuality "1"]

1. d4 d5 2. c4 e6 3. Nc3 Nf6 4. Bg5 Be7 5. e3 0-0 6. Nf3 h6 7. Bh4 dxc4 8. Bxc4 a6 9. a4 b6 10. 0-0 Bb7 11. Qe2 Ne4 12. Bxe7 Qxe7 13. Nxe4 Bxe4 14. Nd2 Bb7 15. Rfc1 Nd7 16. Bd3 c5 17. dxc5 Nxc5 18. Bc4 Rfd8 19. b4 Nd7 20. Rab1 Ne5 21. f4 Nxc4 22. Nxc4 Be4 23. Rb2 Rac8 24. Qe1 Qc7 25. b5 a5 26. Rc3 Qc5 27. Qe2 Rd5 28. Nxb6 Qxc3 29. Nxc8 Qxc8 30. b6 Qc1+ 31. Kf2 Rd7 32. Kg3 Rd6 33. Kf2 Rd8 34. Kg3 Rb8 35. Kf2 h5 36. Kg3 0-1